000 00437nam a22001697a 4500
005 20251108165209.0
008 250721s1980 xx 000 0 ara d
082 1 4 _a604.2/شري
100 1 _aالشريف، فتحي
245 1 0 _aالرسم الهندسي /
246 1 1 _aEngineering drawing
264 1 _aالقاهرة :
_c1980.
300 _a219ص
650 1 7 _aالرسم الهندسي
942 _2ddc
_cBK
999 _c21856
_d21856